000 00394nam a22001577a 4500
003 MPLRDC
005 20220104123614.0
008 210129b ||||| |||| 00| 0 eng d
082 _a225.4 SSFS v.2
100 _a释圣法法师
245 _a慈光寺佛学释疑. 第二辑
_c
260 _a
_b慈光寺印行
_c1990
300 _b
650 _a佛教说法
942 _cBK
_o225.4 SSFS v.2
999 _c12733
_d12723